000 00513cam a22001331 4500
082 _a355.009241
_bBUR
100 1 _aBurne, Alfred Higgins,
_948583
245 1 0 _aLee, Grant and Sherman;
_ba study in leadership in the 1864-65 campaign,
_cby Lieut.-Colonel Alfred H. Burne.
260 _aAldershot,
_bGale & Polden, limited,
_c1938.
300 _axv, 216 p. incl. tab.
_bfront. (6 port.) maps (part fold., 1 in pocket)
_c22.5 cm.
526 _a0
_b0
_c0
_d355_009241000000000_BUR
650 _aMCE
_9379
942 _2ddc
_cBK
999 _c552042
_d552042